000 00541nam a2200205Ia 4500
008 170918s9999 xx 000 0 und d
020 _a9780545295642
050 _bO185 2009
100 _aO'Connor, Jane
245 _aFancy Nancy : the dazzling book report /
245 _cJane O'Connor ; Robin Preiss Glasser.
260 _aNew York :
260 _bScholastic,
260 _c2009
300 _a32 pages :
300 _bcolored illustration ;
300 _c23cm.
440 _aI can read! Beginning reading 1.
500 _a270
999 _c341058
_d341058